Dětská kovová stavebnice : květen - červen 2005 /

Main Author: Mládek, Jiří, 1946-
Corporate Author: Podřipské muzeum (Roudnice nad Labem, Česko)
Other Authors: Mrázek, Jan, 1971-
Language: Czech
Published: V Roudnici nad Labem : Podřipské muzeum, 2005
Subjects:
Physical Description: 27 s. : il., portréty, faksim. ; 21 cm
Book
Saved in:
LEADER 01590nam a2200409 a 4500
001 nkc20051500542
003 CZ PrNK
005 20060321102741.0
007 ta
008 050221s2005 xr ach g f 000 0 cze
015 |a cnb001500542 
020 |a 80-86924-00-9  |q (brož.) 
035 |a (OCoLC)85151538 
040 |a BOA001  |b cze  |d ABA001 
043 |a e-xr--- 
072 7 |a 688  |x Dekorační předměty. Hračky. Galanterie  |2 Konspekt  |9 19 
080 |a 688.727.9  |2 MRF 
080 |a (437.3)  |2 MRF 
080 |a (036)  |2 MRF 
100 1 |a Mládek, Jiří,  |d 1946-  |7 mzk2005295055  |4 aut 
245 1 0 |a Dětská kovová stavebnice :  |b květen - červen 2005 /  |c publikaci k výstavě vydalo Podřipské muzeum v Roudnici nad Labem ; [text Jiří Mládek, Jan Mrázek] 
246 1 4 |a Pub. k výstavě Dětská kovová stavebnice 
260 |a V Roudnici nad Labem :  |b Podřipské muzeum,  |c 2005 
300 |a 27 s. :  |b il., portréty, faksim. ;  |c 21 cm 
650 0 7 |a stavebnice  |7 ph216313  |x dějiny  |2 czenas 
650 0 7 |a stavebnice  |7 ph216313  |z Česko  |2 czenas 
650 0 9 |a construction toys  |x history  |2 eczenas 
650 0 9 |a construction toys  |z Czechia  |2 eczenas 
655 7 |a informační publikace  |7 fd132454  |2 czenas 
655 9 |a information publications  |2 eczenas 
700 1 |a Mrázek, Jan,  |d 1971-  |7 mzk2005295056  |4 aut 
710 2 |a Podřipské muzeum (Roudnice nad Labem, Česko)  |7 mzk2005304496 
910 2 |a BOA001  |b 2-1156.226 
990 |a BK 
995 |a 01 
991 |b 200509  |c NOV 
996 6 |b 2610258937  |c 2-1156.226  |l MZK  |r Sklad / do 1 hodiny  |n 2  |p p.v.  |w 000785823  |u 000010  |a 1  |e BOA001  |j MZK50  |s P